Ont-ils déjà joué avec... Mel Gibson ? - Statistiques

Statistiques générales
  • Ce quiz a été pris 21 fois
  • Le résultat moyen est 3 sur 10
Answers on the Grid
Answers color-coded by a green-red scale on the quiz's grid according to % correct below.
Christoph Waltz
Emma Watson
Jet Li
Mads Mikkelsen
Dwayne Johnson
Jessica Alba
Nicolas Cage
Russell Crowe
Kate Winslet
Anna Kendrick
Gary Oldman
Michael Fassbender
Antonio Banderas
Sigourney Weaver
Helena Bonham Carter
Michelle Pfeiffer
Elijah Wood
Robert Downey Jr.
Jodie Foster
Milla Jovovich
 
Statistiques - réponses
Réponse % Correct
Jodie Foster
50%
Michelle Pfeiffer
45%
Jet Li
40%
Robert Downey Jr.
40%
Helena Bonham Carter
25%
Elijah Wood
20%
Sigourney Weaver
15%
Antonio Banderas
10%
Jessica Alba
10%
Milla Jovovich
10%
Aucun quiz correspondant
Distribution des résultats
% des personnes avec chaque résultat
Percentile par nombre de réponses
Votre historique - résultats
Vous n’avez pas pris ce quiz